[Event "Harrogate 4NCL op-A 29th"]
[Site "Harrogate"]
[Date "2023.01.21"]
[Round "2"]
[White "Erskine Pereira, Jack"]
[Black "Southcott Moyers, Indy"]
[Result "0-1"]
[WhiteElo "1809"]
[BlackElo "1870"]
[PlyCount "66"]
[EventDate "2023.01.20"]
[EventType "swiss"]
[EventRounds "5"]
[EventCountry "ENG"]
[SourceTitle "CBM 212 Extra"]
[Source "ChessBase"]
[SourceDate "2023.03.31"]
[SourceVersion "1"]
[SourceVersionDate "2023.03.31"]
[SourceQuality "1"]

1. d4 d5 2. c4 c6 3. cxd5 cxd5 4. Bf4 Nf6 5. Nc3 Nc6 6. e3 Bf5 7. Nf3 e6 8. Bb5 Nd7 9. Bxc6 bxc6 10. Qa4 Qb6 11. 0-0 Be7 12. a3 0-0 13. Rfc1 Qxb2 14. Qxc6 Rac8 15. Qb5 Bxa3 16. Qxd7 Rxc3 17. Rd1 Bc2 18. Re1 Qb6 19. Rxa3 Rxa3 20. Bd6 Rd8 21. Qxd8+ Qxd8 22. Bxa3 f6 23. Rc1 Qa5 24. Bc5 Be4 25. h4 Bxf3 26. gxf3 h5 27. Rb1 Qc7 28. Ba3 a5 29. Rc1 Qd7 30. Kg2 e5 31. dxe5 fxe5 32. Rg1 d4 33. exd4 exd4 0-1

[Event "Harrogate 4NCL op-A 29th"]
[Site "Harrogate"]
[Date "2023.01.21"]
[Round "3"]
[White "Mosnegutu, Klaus"]
[Black "Erskine Pereira, Jack"]
[Result "0-1"]
[WhiteElo "2214"]
[BlackElo "1809"]
[PlyCount "92"]
[EventDate "2023.01.20"]
[EventType "swiss"]
[EventRounds "5"]
[EventCountry "ENG"]
[SourceTitle "CBM 212 Extra"]
[Source "ChessBase"]
[SourceDate "2023.03.31"]
[SourceVersion "1"]
[SourceVersionDate "2023.03.31"]
[SourceQuality "1"]

1. d4 e6 2. c4 Nf6 3. Nc3 Bb4 4. Bg5 h6 5. Bxf6 Qxf6 6. Rc1 c5 7. Nf3 Nc6 8. dxc5 Bxc5 9. a3 0-0 10. Ne4 Qe7 11. b4 Bb6 12. c5 Bc7 13. Nd6 b6 14. Nb5 Bd8 15. e3 bxc5 16. bxc5 Ba5+ 17. Nd2 Ba6 18. Nd6 Bxf1 19. Kxf1 Bxd2 20. Qxd2 Rab8 21. Qc3 Qh4 22. f4 a5 23. Ne4 e5 24. g3 Qg4 25. Nf2 Qf3 26. e4 Rb3 27. Qxf3 Rxf3 28. Kg2 Rxa3 29. Rhd1 exf4 30. gxf4 Rd8 31. Rd6 Kf8 32. e5 Ke7 33. Ne4 Rb8 34. Nc3 Nb4 35. f5 Rb7 36. f6+ gxf6 37. exf6+ Kd8 38. Rd2 a4 39. Kh1 h5 40. Ne4 Rd3 41. Rg2 a3 42. Nd6 Rb8 43. Nxf7+ Kc7 44. Ne5 Rd5 45. Ng6 Rf5 46. Rd2 a2 0-1